000 02772cam a2200481 i 4500
999 _c610
_d610
001 19076244
003 OSt
005 20200312123834.0
008 160414s2017 nyub d 000 1 eng d
010 _a 2016938979
020 _a9780062662910
035 _a(OCoLC)ocn979418780
040 _aVPW
_beng
_cVPW
_erda
_dFOLLT
_dGO3
_dTOH
_dIG$
_dPCX
_dOY2
_dPFLCL
_dBTCTA
_dBDX
_dYDXCP
_dTXHUT
_dOCLCF
_dAUIRC
_dEHH
_dIGA
_dTUL
_dDLC
042 _alccopycat
082 _aFIC CHI
100 1 _aChima, Cinda Williams,
_eauthor.
245 1 0 _aShadowcaster :
_ba shattered realms novel /
_cCinda Williams Chima.
246 3 _aShadow caster
250 _aInternational edition.
264 1 _aNew York, NY :
_bHarperTeen, an imprint of HarperCollinsPublishers,
_c[2017]
300 _a551 pages :
_bmaps ;
_c22 cm.
336 _atext
_btxt
_2rdacontent
337 _aunmediated
_bn
_2rdamedia
338 _avolume
_bnc
_2rdacarrier
440 _aShattered realms novel ;
_nbook 2.
500 _aSequel to: Flamecaster.
500 _aSequel: Stormcaster.
520 _aFrom New York Times bestselling author Cinda Williams Chima, this is a thrilling story of the unfathomable costs of war, the allure of dark magic, and two principled and conflicted characters drawn together despite everything they stand to lose. Alyssa ana'Raisa, the reluctant princess heir to the Gray Wolf throne of the Fells, feels more comfortable striking with a sword than maneuvering at court. After a brush with death, Lyss goes on the offensive, meaning to end the war that has raged her whole life. If her gamble doesn't pay off, she could lose her queendom before she even ascends to the throne. Across enemy lines in Arden, young rising star Captain Halston Matelon is being sent on ever more dangerous assignments. Between the terrifying rumors of witches and wolfish warriors to the north and his cruel king at home, Hal is caught in an impossible game of life and death. Lyss and Hal's intricately linked fates become inseparable when they fall under the shadow of a new enemy--a force that threatens to extinguish the last rays of hope in the Shattered Realms.
650 0 _aRevenge
_vJuvenile fiction.
650 0 _aMagic
_vJuvenile fiction.
650 0 _aPrincesses
_vJuvenile fiction.
650 1 _aRevenge
_vFiction.
650 1 _aMagic
_vFiction
650 1 _aPrincesses
_vFiction.
650 1 _aFantasy.
650 1 _aScience fiction.
655 0 _aYoung adult fiction.
655 4 _aWar fiction.
655 4 _aYoung adult fiction.
906 _a7
_bcbc
_ccopycat
_d2
_encip
_f20
_gy-gencatlg
942 _2ddc
_cFIC